00944nam a2200193 a 4500001001000000003000900010005001700019007000300036008004100039040002500080082001600105100002700121245011400148260012400262300002800386500025800414500005000672700002800722000033592DO-SdBNP20220921142317.0ta110901s1951 dr c 000 0 spa d aDO-SdBNPbspacBNPHU axxxxbA282S aAguiar, Mercedes Laura10aLabor educadora de Salomé Ureña de Henríquez /cMercedes Laura Aguiar ; presentación Urania Montás  aCiudad Trujillo, República Dominicana :bEscuela Normal de Señoritas Salomé Ureña :,c1951.fEditora del Caribe a45 p. ;bretrs.c24 cm. aDisertación leída por la profesora señorita Mercedes Laura Aguiar, en la semana de actos celebrados en la escuela normal de señoritas "Salomé Ureña", para conmemorar el centésimo aniversario del nacimiento de la ilustre poetisa educadora.  aDedicado por la autora a Julio Ortega Frier. 12aMontás, Uraniaepres.